[Event "SVK-ch U14"]
[Site "Tatralandia"]
[Date "2024.04.06"]
[Round "2"]
[White "Meszaros, Casey Ryan"]
[Black "Sekera, Timotej"]
[Result "1-0"]
[WhiteElo "1999"]
[BlackElo "1708"]
[PlyCount "45"]
[EventDate "2024.04.05"]
[EventType "swiss"]
[EventRounds "9"]
[EventCountry "SVK"]
[SourceTitle "CB16_2024"]
[SourceDate "2024.04.17"]
[SourceVersion "1"]
[SourceVersionDate "2024.04.17"]
[SourceQuality "1"]

1. Nf3 d5 2. g3 Bf5 3. Bg2 Nf6 4. 0-0 e6 5. d3 Bc5 6. Nbd2 Nc6 7. a3 a5 8. Nh4 Bg6 9. Nxg6 hxg6 10. e4 0-0 11. Nb3 Bb6 12. Bg5 Rb8 13. Re1 dxe4 14. Bxe4 Nd4 15. Nd2 e5 16. Nc4 Ne6 17. Bd2 Qd4 18. Be3 Qd8 19. Bxb6 cxb6 20. Nxe5 b5 21. Bg2 Re8 22. Qd2 b6 23. Nc6 1-0